000 00400nam a2200157Ia 4500
999 _c900
_d900
003 OSt
005 20190920203702.0
008 190722s9999 xx 000 0 und d
020 _a978-0078028793
040 _cmaju
100 _aJohan W.Mullins
245 0 _aMarketing Management A Strategic Decision Making approach
260 _aNew Delhi
_bMcGraw Hill
_c2013
300 _a551
942 _cBK
_2ddc